00560nam a2200193Ia 4500020001800000082001800018245007000036260002800106300001100134440003600145504001900181650002400200650002300224650002500247650004000272700002200312700001600334700001600350 a9780415556095 a306.0954 HEA- 0aHealth, culture and religion in South Asia: critical perspectives aLondonbRoutledgec2011 ax, 153 aSouth Asian history and culture aincludes Index aSouth AsiavHistory aHealthzSouth Asia aReligionzSouth Asia aSouth AsiavSocial life and customs aWashbrook, David aBroom, Alex aDoron, Assa